TOP 100 steden ter wereld met meeste toeristen - Statistieken

Algemene statistieken
  • Deze quiz is 69 keer genomen
  • De gemiddelde score is 38 van 100
Antwoordstatistieken
Antwoord % Correct
Amsterdam
98%
Parijs
96%
Londen
94%
Barcelona
92%
Rome
92%
Berlijn
90%
Madrid
90%
New York
90%
Milaan
84%
Los Angeles
78%
Brussel
76%
Lissabon
76%
Kopenhagen
75%
Stockholm
73%
Athene
71%
Dubai
71%
Sydney
71%
Dublin
69%
Washington
67%
Wenen
67%
Mexico
65%
Munchen
63%
Tokyo
63%
Bangkok
61%
Cairo
61%
Praag
61%
Warschau
61%
Buenos Aires
57%
Melbourne
55%
Venetie
55%
Boedapest
51%
Istanbul
51%
San Francisco
51%
Porto
49%
Shanghai
49%
Valencia
49%
Singapore
47%
Abu Dhabi
45%
Frankfurt
45%
Hong Kong
45%
Las Vegas
45%
Miami
45%
Rio de Janeiro
45%
Sevilla
45%
Toronto
45%
Beijing
43%
Nice
43%
Delhi
41%
Zurich
41%
Kuala Lumpur
37%
Edinburgh
35%
Vancouver
35%
Florence
33%
Hanoi
31%
Montreal
31%
Santiago
31%
Seoul
31%
Osaka
29%
Doha
27%
Lima
27%
Mekka
25%
Tel Aviv
24%
Antalya
22%
Taipei
22%
Krakau
20%
Kyoto
20%
Marrakech
20%
Tallinn
20%
Ho Chi Minh
18%
Vilnius
18%
Bologna
16%
Jerusalem
14%
Orlando
14%
Thessaloniki
14%
Verona
12%
Cancun
10%
Honolulu
10%
Masqat
10%
Sapporo
10%
Busan
8%
Guangzhou
8%
Macau
6%
Palma
6%
Phuket
4%
Riad
4%
Sao Paolo
4%
Tblisi
4%
Iraklion
2%
Rhodos
2%
Shenzhen
2%
Fukuoka
0%
Guilin
0%
Johor Bahru
0%
Marne-La-Vallee
0%
Mugla
0%
Pattaya-Chonburi
0%
Playa del Carmen
0%
Punta Cana
0%
Sharjah
0%
Zhuhai
0%
Geen overeenkomende quizzen gevonden
Scoreverdeling
Procent van Mensen met Elke Score
Percentiel versus Aantal Correcte Antwoorden
Uw Scoregeschiedenis
U heeft deze quiz nog niet genomen